000
00290nam a22001337a 4500
008
170411b xxu||||| |||| 00| 0 eng d
020
_a
0887068669
041
_a
eng
080
_a
618
100
_a
10
101
_a
SHM
245
_a
FROM MENARCHE MENOPAUSE
_c
BEYENE.Y
942
_2
udc
_c
BK
999
_c
10372
_d
10372